Malaysian private higher education

Bibliographic Details
Main Author: Tan Ai Mei
Format: Book
Published: London, Asean Academic Press , 2002
Subjects:

MARC

LEADER 00000cam a2200000 7i4500
001 0000010003
005 20050428.0
020 |a 1901919420 
040 |a INS 
090 0 0 |a LB2328.52M3   |b T36 2002 
100 1 |a Tan Ai Mei 
245 1 0 |a Malaysian private higher education   |c Tan Ai Mei 
260 |a London, Asean Academic Press ,   |c 2002 
300 |a 302 ;   |c 21cm. 
650 0 0 |a Higher Education Privatization 
999 |a 0000009852   |b BOOK   |c Open Shelf   |e Default branch